| Tag |
First Indicator |
Second Indicator |
Subfields |
| LEADER |
00000cam a2200000 a 4500 |
| 001 |
in00000085790 |
| 005 |
20151008053304.0 |
| 008 |
791023s1979 nyua b 10000 engm |
| 010 |
|
|
|a 78068651
|
| 035 |
|
|
|a (OCoLC)05676314
|
| 035 |
|
|
|9 AAH6938AM
|
| 040 |
|
|
|a DLC
|c DLC
|d m.c.
|d TXA
|d UtOrBLW
|
| 049 |
|
|
|a TXAM
|c [1482066]
|
| 050 |
0 |
0 |
|a QA76.6
|b T865
|
| 082 |
0 |
|
|a 001.6/425
|
| 245 |
0 |
0 |
|a Tutorial :
|b software management : Compcon, spring 79, sixteenth [as printed] IEEE Computer Society international conference, February 26- March 1 /
|c [edited by] Donald J. Reifer.
|
| 264 |
|
1 |
|a New York :
|b Institute of Electrical and Electronics Engineers ;
|a Long Beach, CA :
|b Available from IEEE Computer Society,
|c [1979]
|
| 264 |
|
4 |
|c ©1979
|
| 300 |
|
|
|a vi, 384 :
|b illustrations ;
|c 28 cm.
|
| 336 |
|
|
|a text
|b txt
|2 rdacontent
|
| 337 |
|
|
|a unmediated
|b n
|2 rdamedia
|
| 338 |
|
|
|a volume
|b nc
|2 rdacarrier
|
| 500 |
|
|
|a "IEEE Catalog Number EHO 146-1."
|
| 504 |
|
|
|a Includes bibliographical references.
|
| 650 |
|
0 |
|a Computer programming
|x Management.
|
| 700 |
1 |
|
|a Reifer, Donald J.
|
| 710 |
2 |
|
|a IEEE Computer Society.
|
| 711 |
2 |
|
|a COMPCON
|n (18th :
|d 1979 :
|c San Francisco, Calif.)
|
| 999 |
|
|
|a MARS
|
| 999 |
f |
f |
|s 984bb9be-1ba5-347f-9a5d-23b3a29424ec
|i 46943284-270a-36c7-a3f3-8e8e857aaaf2
|t 0
|
| 952 |
f |
f |
|p ric
|a Texas A&M University
|b Rellis Campus
|c Joint Library Facility
|d Remote Storage
|t 0
|e QA76.6 T865
|h Library of Congress classification
|i unmediated -- volume
|m A14805948535
|
| 998 |
f |
f |
|a QA76.6 T865
|t 0
|l Remote Storage
|